Focus (Record no. 84472)
[ view plain ]
| 000 -LEADER | |
|---|---|
| fixed length control field | 00712cab a22002295a 4500 |
| 001 - CONTROL NUMBER | |
| control field | L157825 |
| 008 - FIXED-LENGTH DATA ELEMENTS--GENERAL INFORMATION | |
| fixed length control field | 130530e20130525xxk 000 0 eng d |
| 035 ## - SYSTEM CONTROL NUMBER | |
| System control number | (Sirsi) u157825 |
| 041 0# - LANGUAGE CODE | |
| Language code of text/sound track or separate title | eng |
| 100 1# - MAIN ENTRY--PERSONAL NAME | |
| Personal name | Morrison, Adrian |
| 245 00 - TITLE STATEMENT | |
| Title | Focus |
| Remainder of title | Scotland |
| 260 ## - PUBLICATION, DISTRIBUTION, ETC. | |
| Date of publication, distribution, etc. | 2013 |
| 490 ## - SERIES STATEMENT | |
| Series statement | Estates Gazette |
| Volume/sequential designation | (1321) 25 May 2013, 63-85(19) |
| 520 ## - SUMMARY, ETC. | |
| Summary, etc. | Includes features on occupier demand, the Edinburgh tram system which is nearing completion, developments in the Scottish office agency scene and a market health check. |
| 590 ## - LOCAL NOTE (RLIN) | |
| Local note | KA |
| 651 #4 - SUBJECT ADDED ENTRY--GEOGRAPHIC NAME | |
| Geographic name | Scotland |
| 690 ## - LOCAL SUBJECT ADDED ENTRY--TOPICAL TERM (OCLC, RLIN) | |
| Topical term or geographic name as entry element | Commercial property |
| 9 (RLIN) | 6227 |
| 700 1# - ADDED ENTRY--PERSONAL NAME | |
| Personal name | Hamilton, Helen |
| 700 1# - ADDED ENTRY--PERSONAL NAME | |
| Personal name | Thame, David |
| 700 1# - ADDED ENTRY--PERSONAL NAME | |
| Personal name | Pilkington, Lisa |
| 942 ## - ADDED ENTRY ELEMENTS (KOHA) | |
| Suppress in OPAC | 0 |
| Withdrawn status | Lost status | Source of classification or shelving scheme | Damaged status | Not for loan | Home library | Current library | Shelving location | Date acquired | Total Checkouts | Full call number | Barcode | Date last seen | Copy number | Price effective from | Koha item type |
|---|---|---|---|---|---|---|---|---|---|---|---|---|---|---|---|
| Dewey Decimal Classification | London | London | Journal article | 30/05/2013 | L157825 | 157825-1001 | 06/08/2019 | 1 | 06/08/2019 | Journal article |